| 000 | 00745nam a2200241Ia 4500 | ||
|---|---|---|---|
| 003 | OSt | ||
| 005 | 20260415163328.0 | ||
| 008 | 210210b1981 xxu||||| |||| 00| 0 eng d | ||
| 040 | _cAL | ||
| 041 | _aSankrit | ||
| 082 | _aS891.1 SHAS | ||
| 100 |
_aSHASTRI (Vasudev Dvedi). _dवासुदेवद्विवेदिशास्त्री _9261701 |
||
| 245 |
_aSaral sanskrat pady sangrah. _bसरलसंस्कृतपद्यसङ्ग्रहः |
||
| 260 |
_aVaranasi _bSarvbaum sanskrat karyaly _c1981 |
||
| 300 | _a88 | ||
| 650 |
_aSaral _9261702 |
||
| 650 |
_asanskrat _9261703 |
||
| 650 |
_asangrah. _9261704 |
||
| 650 |
_apady _9261705 |
||
| 690 |
_aSanskrit Poetry _9261706 |
||
| 906 | _a035064 | ||
| 942 |
_2ddc _cBK |
||
| 999 |
_c85981 _d85981 |
||